000 00501cam a2200205 4500
008 090401t1989 xxu||||| |||| 00| 0 eng d
020 _a0415009669
035 _a(Sirsi) u7143
041 _aeng
050 _a333.332
100 _aMackmin, David
245 4 _aThe valuation and sale of residential property
260 _aLondon
_bRoutledge;
_c1989
300 _ax,241p. ; 24cm.
350 _a14.95
650 _aESTATE AGENCY
650 _aHOUSE SALES
942 _n0
948 _c04/03/1997
999 _c86394
_d86394